ბათუმის შოთა რუსთაველის სახელმწიფო უნივერსიტეტის ბიბლიოთეკა

Основы физико-химических методов анализа. (ბიბ.ჩანაწერი № 38376)

000 -LEADER
fixed length control field 00722nam a2200217Ia 4500
001 - CONTROL NUMBER
control field 4386
003 - CONTROL NUMBER IDENTIFIER
control field GE_BSU
008 - FIXED-LENGTH DATA ELEMENTS--GENERAL INFORMATION
fixed length control field 181216s||||||||xx |||||||||||||| ||und||
040 ## - CATALOGING SOURCE
Transcribing agency GE_BSU
080 ## - UNIVERSAL DECIMAL CLASSIFICATION NUMBER
Universal Decimal Classification number 543.5(075.32)
100 ## - MAIN ENTRY--PERSONAL NAME
Personal name Баровский, В.Ф. Городенцева , Т.Б. Топорова, Н.Б.
245 ## - TITLE STATEMENT
Title Основы физико-химических методов анализа.
245 ## - TITLE STATEMENT
Remainder of title Справочник
245 ## - TITLE STATEMENT
Statement of responsibility, etc. Под. ред. В.Ф. Баровского.
260 ## - PUBLICATION, DISTRIBUTION, ETC.
Place of publication, distribution, etc. Москва
260 ## - PUBLICATION, DISTRIBUTION, ETC.
Name of publisher, distributor, etc. Высш. школа
260 ## - PUBLICATION, DISTRIBUTION, ETC.
Date of publication, distribution, etc. 1983
300 ## - PHYSICAL DESCRIPTION
Extent 247 с. 22 см.
653 ## - INDEX TERM--UNCONTROLLED
Uncontrolled term Основы физико-химических методов анализа.
942 ## - ADDED ENTRY ELEMENTS (KOHA)
Koha item type წიგნი
ეგზემპლარები
Withdrawn status Lost status Damaged status Not for loan Date acquired Barcode Date last seen Price effective from Koha item type Public note
        2018-12-17 9465 2018-12-17 2018-12-17 წიგნი საცავი